Kindness / (Record no. 3934)

MARC details
000 -LEADER
fixed length control field 01583nam a22002417a 4500
001 - CONTROL NUMBER
control field 3934
003 - CONTROL NUMBER IDENTIFIER
control field FISKH
005 - DATE AND TIME OF LATEST TRANSACTION
control field 20240524140007.0
008 - FIXED-LENGTH DATA ELEMENTS--GENERAL INFORMATION
fixed length control field 240524b cb ||||| |||| 00| 0 eng d
040 ## - CATALOGING SOURCE
Original cataloging agency FISK
Language of cataloging eng
Transcribing agency FISK
Modifying agency FISK
082 ## - DEWEY DECIMAL CLASSIFICATION NUMBER
Classification number 177.7
100 ## - MAIN ENTRY--PERSONAL NAME
Personal name Thurston Jaime
Dates associated with a name 1990-
245 ## - TITLE STATEMENT
Title Kindness /
Remainder of title The little thing that matters most
Statement of responsibility, etc. by Jaime Thurston
260 ## - PUBLICATION, DISTRIBUTION, ETC.
Place of publication, distribution, etc. London :
Name of publisher, distributor, etc. Thorsons ,
Date of publication, distribution, etc. 2017
300 ## - PHYSICAL DESCRIPTION
Extent 224 pages :
Other physical details illustrations ;
Dimensions 21 cm
505 ## - FORMATTED CONTENTS NOTE
Formatted contents note K<br/>
520 ## - SUMMARY, ETC.
Summary, etc. Kindness - the little thing that matters most aims to motivate and inspire by showing readers what a difference even a small act of kindness can make. It uses the voices of those who have been helped by the author's charity - 52 Lives - to ground the ideas in real life action. The book is themed around 52 simple actions you can do to spread kindness. Interspersed throughout are nuggets of science explaining the positive effect kindness has on the brain and on the heart. This book is a call to action for people to live a more connected, fulfilling life. With inspirational quotes and personal stories this book will give you all the motivation you need to start spreading a little kindness - it's free afterall! Learn to live a life of kindness by following Jaime's infectious positivity in this charming gift book. Here are some examples:- Be a Seat Vigilante- Be Kind to Unkind People- Go High-Give Away a Minute- Embrace Curiosity.<br/>
521 8# - TARGET AUDIENCE NOTE
Target audience note 660<br/>
Source Lexile<br/>
521 8# - TARGET AUDIENCE NOTE
Target audience note K<br/>
Source Raz-Plus<br/>
700 ## - ADDED ENTRY--PERSONAL NAME
Personal name Jaime Thurston
942 ## - ADDED ENTRY ELEMENTS (KOHA)
Source of classification or shelving scheme Dewey Decimal Classification
Koha item type Books
Suppress in OPAC No
Holdings
Withdrawn status Lost status Source of classification or shelving scheme Damaged status Not for loan Collection Home library Current library Shelving location Date acquired Total Checkouts Full call number Barcode Date last seen Date last checked out Copy number Price effective from Koha item type
    Dewey Decimal Classification     Non-Fiction Footprints International School Library Network Toul Kork Campus Footprints International School Library Network Toul Tom Poung Campus   05/24/2024 1 THU 177.7 2024-0698 09/03/2025 08/20/2025 1 05/24/2024 Books